书目信息 |
| 题名: |
化学小实验
|
|
| 作者: | ;上海师范学院化学系 编著 | |
| 分册: | (1) | |
| 出版信息: | 上海 上海科学技术出版社 1981 |
|
| 页数: | 104页 | |
| 开本: | 19cm | |
| 丛书名: | 科学小实验丛书 | |
| 单 册: | ||
| 中图分类: | N33 | |
| 科图分类: | ||
| 主题词: | 自然科学--实验设备 , 自然科学--科学实验 , 化学实验 | |
| 电子资源: | ||
| ISBN: | ||
| 000 | 00795nam2 2200277 45 | |
| 001 | 0181005309 | |
| 005 | 20060911110624.76 | |
| 010 | @dCNY0.311 | |
| 091 | @a13119.611(1) | |
| 100 | @a19950929d1981 em y0chiy0121 ea | |
| 101 | 0 | @achi |
| 102 | @aCN@b310000 | |
| 105 | @ay z 000yy | |
| 200 | 10 | @a化学小实验@h(1)@Ahua xue xiao shi yan@f上海师范学院化学系编著 |
| 210 | @a上海@c上海科学技术出版社@d1981 | |
| 215 | @a104页@d19cm | |
| 225 | 2 | @a科学小实验丛书 |
| 410 | 0 | @120012@a科学小实验丛书 |
| 606 | 0 | @a自然科学@x实验设备 |
| 606 | 0 | @a自然科学@x科学实验 |
| 606 | @a化学实验 | |
| 690 | @aN33 | |
| 711 | 02 | @a上海师范学院化学系@Ashang hai shi fan xue yuan hua xue xi@4编著 |
| 801 | 0 | @aCN@b上海图书馆@c20060911 |
| 801 | 2 | @aCN@bNLC@c20060814 |
| 905 | @f2@b73632-633@dN33@e10:1 | |
| 化学小实验.(1)/上海师范学院化学系编著.-上海:上海科学技术出版社,1981 |
| 104页;19cm.-(科学小实验丛书) |
| ISBN :CNY0.311 |
| ● |
| 相关链接 |
|
|
|
|
正题名:化学小实验
索取号:N33/10:1
 
预约/预借
| 序号 | 登录号 | 条形码 | 馆藏地/架位号 | 状态 | 备注 |
| 1 | 0073632 | 000566168 | 第三借阅区/ [索取号:N33/10:1] | 在馆 | |
| 2 | 0073633 | 000566159 | 第三借阅区/ [索取号:N33/10:1] | 在馆 | |
| 3 | 0073634 | 000566202 | 第二样本阅览室/ [索取号:N33/10:1] | 在馆 | |
| 4 | 0459736 | 204597365 | 密集书库/ [索取号:N33/10:1] | 在馆 | |
| 5 | 0471924 | 204719242 | 密集书库/ [索取号:N33/10:1] | 在馆 |